000 00587nam a2200193Ia 4500
003 GCL
008 140319s9999 xx 000 0 ara d
040 _aGCL /
_cGCL
082 0 4 _a953.09
_bك س
100 1 _aكلو, اندرى
245 1 0 _aسليمان القانونى, مثل من النمازج بين الهوية والحداثة /
_cكلو, اندرى
700 1 _aالبشير بن سلامة (تعريب)
260 _a[S.N] :
_bدار الجيل ،
_c1991
300 _a518 ص
490 _a
650 0 4 _aتاريخ
650 0 4 _aالسلاطين
942 _2ddc
_cBK
999 _c55421
_d55421